[Event "Frankfurt Ch 2010"]
[Site "Ffm-Kalbach, LAZ"]
[Date "2010.05.31"]
[Round "5.1"]
[White "Chandler, Patrick"]
[Black "Isserman, Ryhor"]
[Result "0-1"]
[WhiteElo "2265"]
[BlackElo "2296"]
[PlyCount "138"]
[EventDate "2010.??.??"]
[SourceDate "2009.03.13"]
[WhiteTeam "VSG 1880 Offenbach"]
[BlackTeam "SK Bad Homburg 1927"]

1. d4 Nf6 2. c4 c5 3. Nf3 cxd4 4. Nxd4 e6 5. Nc3 Bb4 6. Bd2 Nc6 7. Nc2 Be7 8.
e4 d5 9. exd5 exd5 10. cxd5 Nxd5 11. Nxd5 Qxd5 12. Bc3 Qe4+ 13. Qe2 Qg6 14. Ne3
O-O 15. Qd3 Qe6 16. Qc4 Bf6 17. Rc1 Qe7 18. Be2 Be6 19. Qa4 a6 20. O-O Rfd8 21.
Rfe1 Nd4 22. Bf1 b5 23. Qa5 Qb7 24. Bxd4 Bxd4 25. b3 Bb6 26. Qb4 Rd4 27. Qc3
Rc8 28. Qb2 Rcd8 29. Rcd1 Qc7 30. Rxd4 Bxd4 31. Qe2 h6 32. h3 Qe5 33. Nc2 Qxe2
34. Rxe2 Bc5 35. Ne3 Kf8 36. Rc2 Rc8 37. Bd3 g6 38. Kf1 Ke7 39. Ke2 Bd6 40.
Rxc8 Bxc8 41. Be4 Bc5 42. Kd3 Kd6 43. Bf3 a5 44. Be4 Be6 45. Kc3 Bb4+ 46. Kc2
Kc5 47. Kd3 a4 48. Kc2 Be1 49. f3 f5 50. Bb7 f4 51. Nd1 axb3+ 52. axb3 Kb4 53.
Nb2 Bxb3+ 54. Kc1 Kc3 55. Nd1+ Kd4 56. Be4 g5 57. Nb2 Ke3 58. Bc6 Bd2+ 59. Kb1
b4 60. Be4 Kf2 61. Nd3+ Kxg2 62. Nc5 Bc4 63. Kc2 Be3 64. Nd7 Bd4 65. Nb8 b3+
66. Kb1 Kxh3 67. Nc6 Bf6 68. Na5 Be6 69. Nb7 Kg3 0-1

[Event "Frankfurt Ch 2010"]
[Site "Ffm-Kalbach, LAZ"]
[Date "2010.05.31"]
[Round "5.2"]
[White "Reschke, Stefan"]
[Black "Heidel, Andre Nicolas"]
[Result "1-0"]
[WhiteElo "2370"]
[BlackElo "2152"]
[PlyCount "67"]
[EventDate "2010.??.??"]
[SourceDate "2009.03.13"]
[WhiteTeam "VSG 1880 Offenbach"]
[BlackTeam "Ratinger SK 1950"]

1. c4 c6 2. Nf3 d5 3. b3 Nf6 4. Ba3 Bg4 5. e3 Nbd7 6. cxd5 Nxd5 7. h3 Bxf3 8.
Qxf3 e6 9. Bxf8 Kxf8 10. a3 Qf6 11. Qxf6 N7xf6 12. d3 Ke7 13. Nd2 Rhd8 14. Rc1
Rac8 15. g3 Nd7 16. Ke2 c5 17. Bg2 b6 18. f4 Nb8 19. Rc2 Nc6 20. Rhc1 Kd7 21.
Nc4 g6 22. Nd2 h6 23. Nc4 Rc7 24. b4 b5 25. Ne5+ Nxe5 26. fxe5 cxb4 27. Bxd5
Rxc2+ 28. Rxc2 exd5 29. axb4 Rc8 30. Ra2 Ke6 31. d4 Rc4 32. Ra6+ Kf5 33. Kf3
Rxb4 34. h4 1-0

[Event "Frankfurt Ch 2010"]
[Site "Ffm-Kalbach, LAZ"]
[Date "2010.05.31"]
[Round "5.3"]
[White "Zuyev, Igor"]
[Black "Engel, Berthold"]
[Result "1-0"]
[WhiteElo "2329"]
[BlackElo "2226"]
[PlyCount "75"]
[EventDate "2010.??.??"]
[SourceDate "2009.03.13"]
[WhiteTeam "SC Ladja Roßdorf"]
[BlackTeam "SC Brett vor'm Kopp Ffm"]

1. e4 e6 2. d4 d5 3. Nc3 Nf6 4. Bg5 Be7 5. e5 Ng8 6. Be3 b6 7. a3 Ba6 8. Bxa6
Nxa6 9. Qe2 Nb8 10. Qg4 g6 11. Qe2 a6 12. Nf3 Nc6 13. O-O Qd7 14. b4 h5 15. Qd2
a5 16. b5 Na7 17. Rfb1 Bf8 18. Qd3 Ne7 19. Ne2 Nf5 20. c4 dxc4 21. Qxc4 Nxe3
22. fxe3 Bh6 23. Qd3 Nc8 24. Re1 Ne7 25. Rac1 Rc8 26. Nd2 Nd5 27. Nc3 Nxc3 28.
Rxc3 O-O 29. Rc6 Bg7 30. Nf3 Rfd8 31. Rec1 Bh6 32. R1c3 Kg7 33. Qc2 Qe7 34. Qc1
a4 35. Qc2 g5 36. Nd2 g4 37. Ne4 Rd5 38. Nf6 1-0

[Event "Frankfurt Ch 2010"]
[Site "Ffm-Kalbach, LAZ"]
[Date "2010.05.31"]
[Round "5.4"]
[White "Guth, Thomas"]
[Black "Koch, Markus"]
[Result "1/2-1/2"]
[WhiteElo "2282"]
[BlackElo "2045"]
[PlyCount "115"]
[EventDate "2010.??.??"]
[SourceDate "2009.03.13"]
[WhiteTeam "SC Rotation Pankow"]
[BlackTeam "SC Brett vor'm Kopp Ffm"]

1. e4 c5 2. Nf3 d6 3. d4 cxd4 4. Nxd4 Nf6 5. Nc3 a6 6. Bg5 e6 7. f4 Qb6 8. Nb3
Nc6 9. Qf3 Be7 10. O-O-O Qc7 11. Kb1 Bd7 12. g4 h6 13. Bh4 g5 14. Bg3 gxf4 15.
Qxf4 Ne5 16. h3 O-O-O 17. Rh2 Bc6 18. Nd4 Nfd7 19. Nxc6 Qxc6 20. Qf2 h5 21.
gxh5 Rxh5 22. Be2 Rh7 23. h4 Rdh8 24. h5 Nf6 25. Bxe5 dxe5 26. Rdh1 Rh6 27. Bf3
Bb4 28. Nd1 Bc5 29. Qe2 Qb6 30. Rg2 R8h7 31. Rg5 Qc7 32. Ne3 Rh8 33. Ng4 Nxg4
34. Bxg4 Kb8 35. Rf1 f6 36. Rg6 Rxg6 37. hxg6 Qg7 38. Bxe6 Qxg6 39. Qc4 Bb6 40.
a3 Rd8 41. Rh1 Qg7 42. Bf5 Qc7 43. Qb3 Qc6 44. Rh7 a5 45. a4 Rd1+ 46. Ka2 Rd4
47. c3 Rxa4+ 48. Kb1 Rc4 49. Rh8+ Ka7 50. Rc8 Qxc8 51. Bxc8 Rxc8 52. Qe6 Rc6
53. Qd5 a4 54. Qd1 Rc4 55. Qd5 Rc5 56. Qd7 a3 57. bxa3 Rxc3 58. Qa4+ 1/2-1/2

[Event "Frankfurt Ch 2010"]
[Site "Ffm-Kalbach, LAZ"]
[Date "2010.05.31"]
[Round "5.5"]
[White "Wege, Jochen"]
[Black "Orlinski, Wolfgang"]
[Result "1/2-1/2"]
[WhiteElo "2277"]
[BlackElo "1967"]
[PlyCount "136"]
[EventDate "2010.??.??"]
[SourceDate "2009.03.13"]
[WhiteTeam "SC Brett vor'm Kopp Ffm"]
[BlackTeam "Sfr. Frankfurt 1921"]

1. e4 d6 2. Nc3 Nf6 3. f4 g6 4. d4 Bg7 5. Nf3 O-O 6. Bd3 c5 7. dxc5 dxc5 8. e5
Nd5 9. Nxd5 Qxd5 10. Qe2 Bf5 11. Bxf5 gxf5 12. Be3 Rd8 13. O-O Nc6 14. Rfd1 Qe6
15. Ng5 Rxd1+ 16. Rxd1 Qxa2 17. Qb5 h6 18. Nf3 Rb8 19. Bxc5 a6 20. Qb3 Qxb3 21.
cxb3 b6 22. Bf2 Bf8 23. Rd7 e6 24. Nd2 b5 25. g4 fxg4 26. Ne4 Rd8 27. Rb7 Nd4
28. Kg2 Nf5 29. h3 gxh3+ 30. Kxh3 Kg7 31. Nf6 Rd3+ 32. Kg2 Rxb3 33. Rb8 Rxb2
34. Kf3 h5 35. Nxh5+ Kg6 36. Nf6 Rb3+ 37. Ke4 Bg7 38. Nd7 Rb4+ 39. Kd3 Rxf4 40.
Bc5 Rf1 41. Kc2 Rf3 42. Rb6 Ne3+ 43. Bxe3 Rxe3 44. Rxa6 Bxe5 45. Rb6 Bd4 46.
Rxb5 e5 47. Kd2 Kf5 48. Nb8 Kf4 49. Nc6 f5 50. Ne7 Ra3 51. Nc6 Ke4 52. Rb4 Ra2+
53. Kd1 f4 54. Nxd4 exd4 55. Rb3 d3 56. Rb7 Ke3 57. Re7+ Kf2 58. Rh7 Re2 59.
Rd7 Re4 60. Kd2 f3 61. Rf7 Kg2 62. Rg7+ Kf1 63. Rg6 f2 64. Rg7 Re2+ 65. Kd1 Ra2
66. Rg6 Ra1+ 67. Kd2 Ra2+ 68. Kd1 Ra1+ 1/2-1/2

[Event "Frankfurt Ch 2010"]
[Site "Ffm-Kalbach, LAZ"]
[Date "2010.05.31"]
[Round "5.6"]
[White "Poetsch, Hagen"]
[Black "Bösch, Dirk"]
[Result "1/2-1/2"]
[WhiteElo "2366"]
[BlackElo "2059"]
[PlyCount "60"]
[EventDate "2010.??.??"]
[SourceDate "2009.03.13"]
[WhiteTeam "VSG 1880 Offenbach"]
[BlackTeam "SC Brett vor'm Kopp Ffm"]

1. e4 c6 2. d4 d5 3. e5 Bf5 4. Nf3 e6 5. Be2 Nd7 6. Nbd2 c5 7. c4 Ne7 8. Nb3
Be4 9. Nxc5 Nxc5 10. dxc5 Nc6 11. O-O Bxc5 12. Bf4 O-O 13. Rc1 Qb6 14. Ng5 h6
15. Nxe4 dxe4 16. Qc2 e3 17. Qe4 exf2+ 18. Kh1 Ne7 19. b4 Qxb4 20. Rb1 Qc3 21.
Rxb7 Ng6 22. Bg3 Rad8 23. Bxf2 Bxf2 24. Rxf2 Rd4 25. Qb1 Qe3 26. Qf1 Rf4 27.
Rxf4 Nxf4 28. Bd3 Nxd3 29. Rb3 Nf2+ 30. Kg1 Nh3+ 1/2-1/2

[Event "Frankfurt Ch 2010"]
[Site "Ffm-Kalbach, LAZ"]
[Date "2010.05.31"]
[Round "5.7"]
[White "Czech, Ludwig"]
[Black "Donchenko, Irina"]
[Result "0-1"]
[WhiteElo "2160"]
[BlackElo "2058"]
[PlyCount "114"]
[EventDate "2010.??.??"]
[SourceDate "2009.03.13"]
[WhiteTeam "VSG 1880 Offenbach"]
[BlackTeam "SK 1858 Gießen"]

1. c4 c5 2. g3 g6 3. Bg2 Bg7 4. Nc3 Nc6 5. a3 Nf6 6. Rb1 a5 7. e4 O-O 8. Nge2
d6 9. O-O Bg4 10. h3 Bxe2 11. Nxe2 Nd7 12. d3 Rb8 13. a4 Re8 14. Be3 Qc8 15. b3
Nf8 16. d4 cxd4 17. Nxd4 Nxd4 18. Bxd4 Bxd4 19. Qxd4 Qc5 20. Rfd1 Rec8 21. Qb2
Nd7 22. Rd5 Qc7 23. h4 Nf6 24. Rb5 b6 25. f4 Qd7 26. Qe2 Rc5 27. Rc1 Qg4 28.
Qxg4 Nxg4 29. Bh3 h5 30. Bxg4 hxg4 31. Kf2 Kg7 32. Ke3 f5 33. Rd1 Rxb5 34. axb5
Kf6 35. Rd5 a4 36. bxa4 Ra8 37. e5+ dxe5 38. fxe5+ Ke6 39. Kd4 Rxa4 40. Rd8 Ra3
41. Rc8 Rxg3 42. Rc6+ Kd7 43. Rxb6 f4 44. Rxg6 Rg2 45. Ke4 f3 46. Ke3 Re2+ 47.
Kd3 Re1 48. Rxg4 f2 49. Rf4 f1=Q+ 50. Rxf1 Rxf1 51. Kd4 Rf4+ 52. Kd5 e6+ 53.
Kc5 Rxh4 54. b6 Rh1 55. Kb5 Rb1+ 56. Kc5 Rb2 57. Kd4 Kc6 0-1

[Event "Frankfurt Ch 2010"]
[Site "Ffm-Kalbach, LAZ"]
[Date "2010.05.31"]
[Round "5.8"]
[White "Syed, Tareq"]
[Black "Fröhlich-Dill, Astrid"]
[Result "1-0"]
[WhiteElo "2112"]
[BlackElo "1910"]
[PlyCount "99"]
[EventDate "2010.??.??"]
[SourceDate "2009.03.13"]
[WhiteTeam "SC Brett vor'm Kopp Ffm"]
[BlackTeam "SV 1920 Hofheim"]

1. e4 c5 2. d3 d6 3. g3 g6 4. Bg2 Bg7 5. f4 Nc6 6. Nh3 f5 7. c3 Nf6 8. Nf2 O-O
9. O-O Kh8 10. Be3 Qc7 11. Na3 Rb8 12. Nc2 b6 13. Kh1 e5 14. Rc1 fxe4 15. dxe4
Be6 16. Ra1 Rbd8 17. Qe2 Qc8 18. Nd3 Ng4 19. Bg1 a5 20. a4 h5 21. Na3 Nh6 22.
f5 gxf5 23. Qxh5 c4 24. Nf2 f4 25. Bh3 fxg3 26. Bxe6 Qxe6 27. hxg3 d5 28. g4
Qf7 29. Qxf7 Rxf7 30. g5 Ng8 31. Ng4 Rf4 32. Rxf4 exf4 33. Rf1 dxe4 34. Rxf4
Rd5 35. Rxe4 Rxg5 36. Nxc4 Nf6 37. Nxf6 Bxf6 38. Bxb6 Ne7 39. Bd8 Rh5+ 40. Kg2
Nd5 41. Bxf6+ Nxf6 42. Re5 Rxe5 43. Nxe5 Ne4 44. Nc6 Nc5 45. Nxa5 Nxa4 46. Nc4
Kg7 47. Kf3 Kf6 48. Ke4 Ke6 49. Kd4 Kd7 50. b3 1-0

[Event "Frankfurt Ch 2010"]
[Site "Ffm-Kalbach, LAZ"]
[Date "2010.05.31"]
[Round "5.9"]
[White "Tews, Artur"]
[Black "Wich, Manuela"]
[Result "1-0"]
[WhiteElo "1765"]
[BlackElo "1414"]
[PlyCount "61"]
[EventDate "2010.??.??"]
[SourceDate "2009.03.13"]
[WhiteTeam "Bad Vilbeler Sfr.1985"]
[BlackTeam "SV 1920 Hofheim"]

1. c4 e6 2. e4 d5 3. cxd5 exd5 4. e5 Be6 5. d4 Nd7 6. f4 c5 7. Nf3 cxd4 8. Nxd4
Bb4+ 9. Nc3 Bxc3+ 10. bxc3 Nc5 11. Bb5+ Bd7 12. Bxd7+ Qxd7 13. O-O Ne7 14. f5
Nc6 15. Qg4 g6 16. e6 fxe6 17. fxe6 Qd6 18. Bf4 Qe7 19. Bg5 Qd6 20. Nb5 Qb8 21.
Rf7 Na6 22. Bf4 Ne5 23. Qg3 Qd8 24. Bxe5 Qb6+ 25. Nd4 Nc5 26. Bxh8 O-O-O 27. e7
Rxh8 28. Rf8+ Rxf8 29. exf8=Q+ Qd8 30. Qg4+ Kc7 31. Qxc5+ 1-0

[Event "Frankfurt Ch 2010"]
[Site "Ffm-Kalbach, LAZ"]
[Date "2010.05.31"]
[Round "5.10"]
[White "Budde, Michael"]
[Black "Donchenko, Daria"]
[Result "1/2-1/2"]
[WhiteElo "1688"]
[BlackElo "1706"]
[PlyCount "82"]
[EventDate "2010.??.??"]
[SourceDate "2009.03.13"]
[WhiteTeam "SC 1979 Hattersheim"]
[BlackTeam "SK 1858 Gießen"]

1. d4 d5 2. c4 e6 3. Nf3 Nf6 4. Nc3 Be7 5. Bf4 O-O 6. e3 b6 7. Be2 Na6 8. O-O
Bb7 9. Qa4 dxc4 10. Qxc4 c5 11. Rad1 Qc8 12. Ne5 Nb4 13. a3 Nbd5 14. Bg3 a6 15.
Bf3 b5 16. Qa2 Rd8 17. Rc1 Nxc3 18. Rxc3 Ne4 19. Bxe4 Bxe4 20. dxc5 Bd5 21. Qb1
f6 22. e4 Bc6 23. Nxc6 Qxc6 24. b4 a5 25. Rd3 Rxd3 26. Qxd3 Rd8 27. Qe2 axb4
28. axb4 Rd4 29. Rb1 Rxe4 30. Qa2 Rd4 31. Qa7 Rd7 32. Qb8+ Kf7 33. Qb6 Qe4 34.
Rc1 Qc2 35. Re1 Qe2 36. f4 Rd1 37. Rxd1 Qxd1+ 38. Kf2 Qd4+ 39. Kf3 Qd5+ 40. Kf2
Qd4+ 41. Kf3 Qd5+ 1/2-1/2

[Event "Frankfurt Ch 2010"]
[Site "Ffm-Kalbach, LAZ"]
[Date "2010.05.31"]
[Round "5.11"]
[White "Diener, Carolin"]
[Black "Mongi, Mario"]
[Result "1-0"]
[WhiteElo "1197"]
[BlackElo "1500"]
[PlyCount "69"]
[EventDate "2010.??.??"]
[SourceDate "2009.03.13"]
[WhiteTeam "TuS Makkabi Ffm"]
[BlackTeam "Sfr. Frankfurt 1921"]

1. e4 c5 2. Nc3 a6 3. f4 b5 4. Nf3 Bb7 5. Be2 e6 6. a3 Nf6 7. d3 d5 8. e5 Nfd7
9. O-O Be7 10. Qe1 Nc6 11. Qg3 O-O 12. f5 Re8 13. Bh6 Bf8 14. f6 g6 15. Qh4
Bxh6 16. Qxh6 Nxf6 17. exf6 Qxf6 18. Ng5 Qg7 19. Qxg7+ Kxg7 20. Rxf7+ Kh6 21.
Rxh7+ Kxg5 22. Rxb7 Nd4 23. Rc1 Nf5 24. Re1 Ne3 25. Bd1 d4 26. Ne4+ Kh6 27.
Nxc5 e5 28. c3 Rac8 29. Ne4 Nd5 30. Nd6 dxc3 31. bxc3 Rxc3 32. Nxe8 Rc1 33. Kf2
Nf4 34. Be2 Nxg2 35. Rxc1 1-0

[Event "Frankfurt Ch 2010"]
[Site "Ffm-Kalbach, LAZ"]
[Date "2010.05.31"]
[Round "5.12"]
[White "Velkina, Elina"]
[Black "Paulicks, Frank"]
[Result "1-0"]
[WhiteElo "1219"]
[BlackElo "1088"]
[PlyCount "65"]
[EventDate "2010.??.??"]
[SourceDate "2009.03.13"]
[WhiteTeam "SK 1858 Gießen"]
[BlackTeam "Sfr.1891 Friedberg"]

1. e4 c5 2. Nf3 Nc6 3. d4 cxd4 4. Nxd4 Nf6 5. Nc3 e5 6. Ndb5 d6 7. Be3 a6 8.
Na3 b5 9. Nd5 Nxe4 10. Bb6 Nxf2 11. Kxf2 Qh4+ 12. g3 Qe4 13. Bg2 Bg4 14. Bxe4
Bxd1 15. Nc7+ Ke7 16. Nxa8 Bh5 17. Bxc6 g5 18. Nc7 Kf6 19. Rhf1 Kg7 20. Ne8+
Kh6 21. Ke3 Be7 22. c4 Rf8 23. Nxd6 Bxd6 24. Rf6+ Kg7 25. Rxd6 bxc4 26. Nxc4 f6
27. Rd7+ Kh6 28. Nd6 Bg4 29. Rf7 Rg8 30. Rxf6+ Kg7 31. Rf7+ Kg6 32. Be4+ Kh6
33. Rxh7# 1-0

[Event "Frankfurt Ch 2010"]
[Site "Ffm-Kalbach, LAZ"]
[Date "2010.05.31"]
[Round "5.13"]
[White "Wahedi, Ahmad Siar"]
[Black "Richter, Tobias"]
[Result "1-0"]
[WhiteElo "2298"]
[BlackElo "2099"]
[PlyCount "55"]
[EventDate "2010.??.??"]
[SourceDate "2009.03.13"]
[WhiteTeam "SC Steinbach"]
[BlackTeam "SV Merseburg"]

1. c4 Nf6 2. g3 g6 3. Bg2 Bg7 4. Nf3 d5 5. O-O O-O 6. cxd5 Nxd5 7. Nc3 c6 8. e4
Nxc3 9. bxc3 Qd3 10. Re1 Rd8 11. Bf1 Qd6 12. e5 Qc7 13. d4 Bg4 14. h3 Bxf3 15.
Qxf3 c5 16. Bc4 Rf8 17. Bd5 Nc6 18. e6 fxe6 19. Rxe6 Kh8 20. Qe4 Rf6 21. Bf4
Rxe6 22. Bxe6 Qa5 23. Rb1 Qxc3 24. Rxb7 Nxd4 25. Rxe7 Qf3 26. Be5 Qd1+ 27. Kg2
Nxe6 28. Qxa8+ 1-0

[Event "Frankfurt Ch 2010"]
[Site "Ffm-Kalbach, LAZ"]
[Date "2010.05.31"]
[Round "5.14"]
[White "Kolker, Vladislav"]
[Black "Solonar, Stefan"]
[Result "0-1"]
[WhiteElo "2111"]
[BlackElo "2338"]
[PlyCount "46"]
[EventDate "2010.??.??"]
[SourceDate "2009.03.13"]
[WhiteTeam "Sfr.1891 Friedberg"]
[BlackTeam "SC Heusenstamm"]

1. e4 c5 2. Nf3 Nc6 3. d4 cxd4 4. Nxd4 e6 5. Nxc6 bxc6 6. Bd3 e5 7. O-O Nf6 8.
Nd2 Be7 9. b3 O-O 10. Bb2 d6 11. Qe2 Bg4 12. f3 Be6 13. Nc4 Nd7 14. Rad1 Qc7
15. Kh1 Rfe8 16. Qd2 d5 17. Ne3 Nc5 18. Ba3 Nxe4 19. fxe4 Bxa3 20. exd5 cxd5
21. Nxd5 Bxd5 22. Bxh7+ Kxh7 23. Qxd5 Rad8 0-1

[Event "Frankfurt Ch 2010"]
[Site "Ffm-Kalbach, LAZ"]
[Date "2010.05.31"]
[Round "5.15"]
[White "Göbel, Andreas"]
[Black "Rapoport, Vladimir"]
[Result "0-1"]
[WhiteElo "2040"]
[BlackElo "2303"]
[PlyCount "68"]
[EventDate "2010.??.??"]
[SourceDate "2009.03.13"]
[WhiteTeam "SC Brett vor'm Kopp Ffm"]
[BlackTeam "SC Heusenstamm"]

1. c4 c5 2. Nc3 Nc6 3. g3 g6 4. Bg2 Bg7 5. Nf3 d6 6. O-O Bd7 7. d3 a6 8. Bd2
Rb8 9. Rb1 b5 10. b3 b4 11. Nd5 e6 12. Ne3 Nge7 13. Qc1 e5 14. Nd5 Nf5 15. e4
Nfd4 16. Nxd4 Nxd4 17. Qd1 O-O 18. Be3 Ne6 19. Qd2 Bc6 20. Bh3 Nd4 21. Bxd4
exd4 22. f4 Bxd5 23. exd5 Re8 24. Rfe1 Re3 25. Re2 Qe7 26. Rbe1 Re8 27. Kf1 g5
28. fxg5 Qxg5 29. Rxe3 dxe3 30. Qe2 Bc3 31. Rc1 f5 32. Rc2 Rf8 33. Qf3 f4 34.
Rg2 fxg3 0-1

[Event "Frankfurt Ch 2010"]
[Site "Ffm-Kalbach, LAZ"]
[Date "2010.05.31"]
[Round "5.16"]
[White "Wagner, Dirk"]
[Black "Uwira, Oliver"]
[Result "0-1"]
[WhiteElo "1935"]
[BlackElo "2230"]
[PlyCount "46"]
[EventDate "2010.??.??"]
[SourceDate "2009.03.13"]
[WhiteTeam "Sfr. Frankfurt 1921"]
[BlackTeam "SC 1961 König Nied"]

1. d4 d5 2. c4 Nc6 3. Nc3 Nf6 4. Nf3 dxc4 5. d5 Na5 6. e4 c6 7. Be2 e6 8. Bg5
exd5 9. e5 h6 10. Bh4 g5 11. Nxg5 Ng4 12. Nxf7 Qxh4 13. g3 Qh3 14. Nxh8 Bc5 15.
Rf1 Nxh2 16. Nxd5 cxd5 17. Qxd5 Bb4+ 18. Kd1 Be6 19. Qb5+ Nc6 20. Bxc4 O-O-O+
21. Kc1 Bd2+ 22. Kd1 Bg5+ 23. Kc2 Nd4+ 0-1

[Event "Frankfurt Ch 2010"]
[Site "Ffm-Kalbach, LAZ"]
[Date "2010.05.31"]
[Round "5.17"]
[White "Hierling, Stefan"]
[Black "Röschlau, Bernd"]
[Result "0-1"]
[WhiteElo "2059"]
[BlackElo "2226"]
[PlyCount "78"]
[EventDate "2010.??.??"]
[SourceDate "2009.03.13"]
[WhiteTeam "SK 1927 Dieburg"]
[BlackTeam "SC Brett vor'm Kopp Ffm"]

1. e4 c5 2. Nc3 Nc6 3. Nf3 g6 4. b3 Bg7 5. Bb2 Nf6 6. Rb1 O-O 7. Bc4 e6 8. O-O
a6 9. Re1 d5 10. exd5 exd5 11. Bf1 Bf5 12. d3 Rc8 13. a3 Qc7 14. h3 b5 15. Ne2
d4 16. Ng3 Be6 17. Ne4 Nxe4 18. Rxe4 Bd5 19. Re1 Ne5 20. Nxe5 Bxe5 21. Bc1 Rfe8
22. Bd2 Re6 23. Kh1 h5 24. Rc1 Qe7 25. f4 Bd6 26. Rxe6 fxe6 27. Qe1 Rf8 28. Qg3
Qf6 29. Be2 Qf5 30. Rf1 Rf7 31. Qg5 Qxg5 32. fxg5 Rxf1+ 33. Bxf1 e5 34. Kg1 Kf7
35. Kf2 Ke6 36. g3 e4 37. dxe4 Bxe4 38. c3 Be5 39. cxd4 Bxd4+ {Rest
unlerserlich!} 0-1

[Event "Frankfurt Ch 2010"]
[Site "Ffm-Kalbach, LAZ"]
[Date "2010.05.31"]
[Round "5.18"]
[White "Goldt, Rainer"]
[Black "Schramm, Christian"]
[Result "0-1"]
[WhiteElo "1824"]
[BlackElo "2322"]
[PlyCount "94"]
[EventDate "2010.??.??"]
[SourceDate "2009.03.13"]
[WhiteTeam "Kreuznacher SV 1921"]
[BlackTeam "SC 1959 Obernau"]

1. e4 c5 2. b4 b6 3. bxc5 bxc5 4. Nc3 g6 5. Rb1 Bg7 6. Nf3 Nc6 7. Bc4 d6 8. O-O
Nf6 9. h3 O-O 10. Re1 e6 11. Bb2 Nd7 12. Bf1 Nb6 13. Nb5 e5 14. c3 Be6 15. a4
Na5 16. Bc1 a6 17. Na3 Bd7 18. Bd3 Bxa4 19. Qe2 Bc6 20. Bxa6 Bxe4 21. Qxe4 Rxa6
22. d4 exd4 23. cxd4 d5 24. Qe2 c4 25. Bg5 Qc8 26. Nb5 Nd7 27. Nc3 Qa8 28. Rb5
h6 29. Bh4 Re6 30. Qd1 Rxe1+ 31. Qxe1 Nb3 32. Rxd5 Nb6 33. Rb5 Nxd4 34. Nxd4
Bxd4 35. Kh2 Qa6 36. Rb1 Qa5 37. Ne4 Qxe1 38. Rxe1 Bg7 39. f3 c3 40. Rc1 Nd5
41. Be1 Rc8 42. Nd6 Rc6 43. Nb5 Be5+ 44. Kg1 c2 45. Na3 Ne3 46. Bd2 Bb2 47.
Bxe3 Bxa3 0-1

[Event "Frankfurt Ch 2010"]
[Site "Ffm-Kalbach, LAZ"]
[Date "2010.05.31"]
[Round "5.19"]
[White "Ellrich, Jochen"]
[Black "Prudlo, Simon"]
[Result "0-1"]
[WhiteElo "2080"]
[BlackElo "2251"]
[PlyCount "40"]
[EventDate "2010.??.??"]
[SourceDate "2009.03.13"]
[WhiteTeam "SK Bad Homburg 1927"]
[BlackTeam "SC Heusenstamm"]

1. d4 Nf6 2. Nc3 d5 3. Bg5 e6 4. e4 Be7 5. e5 Nfd7 6. h4 f6 7. Qh5+ Kf8 8. exf6
Nxf6 9. Qf3 c5 10. dxc5 Nc6 11. O-O-O Bd7 12. h5 Kf7 13. h6 g6 14. Nh3 Rf8 15.
Bd3 Kg8 16. Rhe1 Ne4 17. Bf4 Nxc3 18. bxc3 Qa5 19. Qg4 Bf6 20. Bd2 Qxa2 0-1

[Event "Frankfurt Ch 2010"]
[Site "Ffm-Kalbach, LAZ"]
[Date "2010.05.31"]
[Round "5.20"]
[White "Faqiry, Ramat"]
[Black "Benninger, Rudolf"]
[Result "1/2-1/2"]
[WhiteElo "1977"]
[BlackElo "2140"]
[PlyCount "71"]
[EventDate "2010.??.??"]
[SourceDate "2009.03.13"]
[WhiteTeam "SK Bad Homburg 1927"]
[BlackTeam "SC Heusenstamm"]

1. d4 g6 2. e4 Bg7 3. g3 c5 4. c3 cxd4 5. cxd4 d5 6. e5 f6 7. f4 Nh6 8. Bg2 Nc6
9. Nc3 e6 10. Nf3 O-O 11. O-O Qb6 12. Na4 Qc7 13. b3 fxe5 14. fxe5 Nf5 15. Bf4
b5 16. Nb2 Qb6 17. Kh1 Ncxd4 18. Nd3 Nxf3 19. Bxf3 b4 20. Qd2 a5 21. g4 Ne7 22.
Nb2 Ba6 23. Na4 Qb5 24. Rf2 Rac8 25. Be2 Qb7 26. Rc1 Rxc1+ 27. Qxc1 Bxe2 28.
Rxe2 d4+ 29. Rg2 Qe4 30. Bg5 Nd5 31. Nc5 Qf3 32. Nxe6 Qf1+ 33. Rg1 Qf3+ 34. Rg2
Qf1+ 35. Rg1 Qf3+ 36. Rg2 1/2-1/2

[Event "Frankfurt Ch 2010"]
[Site "Ffm-Kalbach, LAZ"]
[Date "2010.05.31"]
[Round "5.21"]
[White "Kreiling, Carsten"]
[Black "Poetsch, Gero"]
[Result "1-0"]
[WhiteElo "2126"]
[BlackElo "2015"]
[PlyCount "35"]
[EventDate "2010.??.??"]
[SourceDate "2009.03.13"]
[WhiteTeam "SVG Eppstein 1932"]
[BlackTeam "SC Nidderau"]

1. d4 d5 2. c4 c6 3. cxd5 cxd5 4. Nc3 Nf6 5. Bf4 e6 6. e3 Bd7 7. Qb3 Qa5 8.
Qxb7 Bc6 9. Bb5 Bxb5 10. Qxa8 Bb4 11. Qxb8+ Kd7 12. Qc7+ Qxc7 13. Bxc7 Kxc7 14.
Rc1 Ne4 15. Nge2 Kd7 16. a3 Ba5 17. b4 Bb6 18. Nxb5 1-0

[Event "Frankfurt Ch 2010"]
[Site "Ffm-Kalbach, LAZ"]
[Date "2010.05.31"]
[Round "5.22"]
[White "Kripfganz, Sebastian"]
[Black "Kabir, Rezaul"]
[Result "0-1"]
[WhiteElo "2002"]
[BlackElo "2083"]
[PlyCount "52"]
[EventDate "2010.??.??"]
[SourceDate "2009.03.13"]
[WhiteTeam "SG Turm Leipzig"]
[BlackTeam "Sfr. Frankfurt 1921"]

1. c4 e5 2. Nc3 Nf6 3. Nf3 Nc6 4. g3 Bb4 5. a3 Bxc3 6. dxc3 e4 7. Nd4 Ne5 8. c5
O-O 9. Bg2 Re8 10. O-O b6 11. Bg5 Bb7 12. cxb6 axb6 13. Qc2 c5 14. Nf5 d5 15.
Rfd1 h6 16. Bxf6 Qxf6 17. Ne3 Rad8 18. h3 Qg5 19. Qa4 f5 20. h4 Qf6 21. Nxd5
Bxd5 22. Rxd5 Rxd5 23. Qxe8+ Kh7 24. f3 Rd2 25. fxe4 Rxe2 26. exf5 Nf3+ 0-1

[Event "Frankfurt Ch 2010"]
[Site "Ffm-Kalbach, LAZ"]
[Date "2010.05.31"]
[Round "5.23"]
[White "Brüggemann, Ludger"]
[Black "Roccasalvo, Giuseppe"]
[Result "1-0"]
[WhiteElo "2188"]
[BlackElo "1854"]
[PlyCount "120"]
[EventDate "2010.??.??"]
[SourceDate "2009.03.13"]
[WhiteTeam "SF Olfen 1975"]
[BlackTeam "SF Plochingen"]

1. e4 Nf6 2. e5 Nd5 3. d4 d6 4. Bc4 e6 5. Nf3 Nc6 6. O-O Be7 7. exd6 Bxd6 8.
Bg5 Be7 9. Bxe7 Ndxe7 10. Nc3 O-O 11. Re1 Nd5 12. Ne4 h6 13. Ne5 Bd7 14. Nxd7
Qxd7 15. c3 Nce7 16. Qf3 Ng6 17. g3 b6 18. Qh5 Qd8 19. Rad1 Nf6 20. Qf3 Nxe4
21. Qxe4 Re8 22. Bb5 Re7 23. h4 Qd5 24. Qxd5 exd5 25. h5 Rxe1+ 26. Rxe1 Nf8 27.
Bc6 Rd8 28. Re5 Rd6 29. Bxd5 Ne6 30. Kf1 Kf8 31. Bc4 Nd8 32. f4 f6 33. Rd5 Rxd5
34. Bxd5 Ke7 35. Ke2 Kd6 36. Bg8 Nc6 37. Kf3 Ne7 38. Bf7 c6 39. g4 Nc8 40. Ke4
Ke7 41. Bg8 Kf8 42. Bb3 Nd6+ 43. Kd3 Ke7 44. Ba4 b5 45. Bd1 Nc8 46. Bf3 Kd6 47.
b3 Ne7 48. c4 bxc4+ 49. bxc4 c5 50. Bb7 g6 51. hxg6 Nxg6 52. dxc5+ Kxc5 53. Ke4
Ne7 54. Bd5 a5 55. a3 Kd6 56. Kd4 Kc7 57. c5 Ng6 58. Ke3 Ne7 59. Be4 Ng8 60.
Kd4 Ne7 1-0

[Event "Frankfurt Ch 2010"]
[Site "Ffm-Kalbach, LAZ"]
[Date "2010.05.31"]
[Round "5.24"]
[White "Kaliski, Erwin"]
[Black "Gutacker, Stephan"]
[Result "1-0"]
[WhiteElo "2266"]
[BlackElo "1936"]
[PlyCount "49"]
[EventDate "2010.??.??"]
[SourceDate "2009.03.13"]
[WhiteTeam "SC Bad Nauheim"]
[BlackTeam "Sfr.1932 Kelkheim"]

1. e4 e5 2. Nf3 Nc6 3. Bb5 a6 4. Bxc6 dxc6 5. O-O f6 6. d4 exd4 7. Nxd4 c5 8.
Nb3 Qxd1 9. Rxd1 Bd7 10. Be3 b6 11. Nc3 O-O-O 12. Rd2 Bd6 13. Nd5 Ne7 14. Nxb6+
cxb6 15. Rxd6 Bc6 16. Rxd8+ Rxd8 17. f3 Ng6 18. Kf2 Kc7 19. g3 Rd7 20. Ke2 Bb5+
21. Ke1 Kd8 22. a4 Bc4 23. Nd2 Bf7 24. a5 Rb7 25. b3 1-0